ہمارا قدیم سماج / (Record no. 108784)

MARC details
000 -LEADER
fixed length control field 00922nam a22002657a 4500
005 - DATE AND TIME OF LATEST TRANSACTION
control field 20170123162344.0
010 ## - LIBRARY OF CONGRESS CONTROL NUMBER
LC control number 994455
020 ## - INTERNATIONAL STANDARD BOOK NUMBER
Terms of availability 6.50
035 ## - SYSTEM CONTROL NUMBER
System control number 994455
037 ## - SOURCE OF ACQUISITION
Source of stock number/acquisition Cen Lib/Ret
040 ## - CATALOGING SOURCE
Original cataloging agency DPL
Language of cataloging UR
082 ## - DEWEY DECIMAL CLASSIFICATION NUMBER
Classification number 954.01
Item number ن ق و
100 ## - MAIN ENTRY--PERSONAL NAME
Personal name نقوی، سید سخی حسن
9 (RLIN) 130008
245 ## - TITLE STATEMENT
Title ہمارا قدیم سماج /
Statement of responsibility, etc سید سخی حسن نقوی
246 ## - VARYING FORM OF TITLE
Title proper/short title Hamara qadeem samaj /
Remainder of title by Sayed Sakhi Hasan Naqvi
260 ## - PUBLICATION, DISTRIBUTION, ETC. (IMPRINT)
Place of publication, distribution, etc نیی دہلی
Name of publisher, distributor, etc ترقی اردو بیورو
Date of publication, distribution, etc 1980
270 ## - ADDRESS
City نیی دہلی
Address ویسٹ بلاک ٨، ار.کے. پرم
Postal code 110066
300 ## - PHYSICAL DESCRIPTION
Extent 212p.
Dimensions 21cm(Hb)
500 ## - GENERAL NOTE
General note کتابیات
650 ## - SUBJECT ADDED ENTRY--TOPICAL TERM
Topical term or geographic name as entry element تاریخ - بھارت سماج
9 (RLIN) 142741
650 ## - SUBJECT ADDED ENTRY--TOPICAL TERM
Topical term or geographic name as entry element ہندوستانی سماج
9 (RLIN) 108678
650 ## - SUBJECT ADDED ENTRY--TOPICAL TERM
Topical term or geographic name as entry element History -- India society
9 (RLIN) 130010
650 ## - SUBJECT ADDED ENTRY--TOPICAL TERM
Topical term or geographic name as entry element Indian society
9 (RLIN) 5748
942 ## - ADDED ENTRY ELEMENTS (KOHA)
Source of classification or shelving scheme Dewey Decimal Classification
Koha item type Urdu Bks
Classification part 954.01
Call number suffix ن ق و
Holdings
Withdrawn status Lost status Damaged status Not for loan Home library Current library Date acquired Source of acquisition Cost, normal purchase price Total Checkouts Total Renewals Full call number Barcode Date last seen Date checked out Copy number Cost, replacement price Price effective from Koha item type
        Central Library Central Library 04/02/2016 Cen Lib/Ret 6.50 2 1 954.01 ن ق و 994455 21/12/2018 07/12/2018 1 6.50 15/09/2016 Urdu Bks

© Delhi Public Library
Hit Counter
free hit counter